Organická chemie /
Salvato in:
| Autori principali: | , , |
|---|---|
| Natura: | Libro |
| Lingua: | ceco |
| Pubblicazione: |
Praha :
Informatorium,
1991
|
| Edizione: | 4.vyd. |
| Tags: |
Nessun Tag, puoi essere il primo ad aggiungerne!!
|
MARC
| LEADER | 00000nam a22000003a 4500 | ||
|---|---|---|---|
| 001 | stu20705 | ||
| 005 | 20150617225749.4 | ||
| 008 | 920915s1991----cs------------------cze-d | ||
| 020 | |a 80-85427-03-6 | ||
| 040 | |a STU |b slo | ||
| 041 | 0 | |a cze | |
| 044 | |a cs | ||
| 080 | |a 547.1 | ||
| 100 | 1 | |a Červinka, Otakar |4 aut | |
| 245 | 1 | |a Organická chemie / |c [aut.]Červinka,Otakar, Dědek,Václav, Ferles,Miloslav | |
| 250 | |a 4.vyd. | ||
| 260 | |a Praha : |b Informatorium, |c 1991 | ||
| 300 | |a 791 s : |b Tab.,grafy,lit.,index | ||
| 700 | 1 | |a Dědek, Václav |4 aut | |
| 700 | 1 | |a Ferles, Miloslav |4 aut | |
| 996 | |b C89993 |c C*89993 |l CCVII |s P |a 0 |w stu20705_0001 | ||